Glastonbury Pyramid Stage Headliners - Statistics

General Stats
  • This quiz has been taken 559 times
  • The average score is 27 of 96
Answer Stats
Hint Answer % Correct
2004 Oasis
76%
1995 Oasis
76%
2011 Beyoncé
69%
2009 Blur
68%
1998 Blur
68%
2016 Coldplay
68%
2011 Coldplay
68%
2005 Coldplay
68%
2002 Coldplay
68%
2008 Jay-Z
63%
2013 Arctic Monkeys
62%
2007 Arctic Monkeys
62%
2017 Foo Fighters
58%
2016 Adele
56%
2014 Metallica
53%
2017 Radiohead
52%
2003 Radiohead
52%
1997 Radiohead
52%
2013 Rolling Stones
52%
2015 Kanye West
51%
2004 Paul McCartney
50%
2000 David Bowie
48%
2017 Ed Sheeran
48%
2007 The Killers
45%
1998 Pulp
44%
1995 Pulp
44%
2016 Muse
42%
2010 Muse
42%
2004 Muse
42%
2011 U2
41%
2014 Kasabian
39%
2015 Florence and the Machine
38%
2010 Gorillaz
38%
2015 The Who
38%
2007 The Who
38%
1995 The Cure
37%
1990 The Cure
37%
1986 The Cure
37%
2014 Arcade Fire
33%
2008 Kings of Leon
33%
2009 Bruce Springsteen
32%
2013 Mumford & Sons
25%
2002 Stereophonics
24%
2010 Stevie Wonder
23%
2003 R.E.M
22%
1999 R.E.M.
22%
1999 Manic Street Preachers
21%
2009 Neil Young
20%
1999 Skunk Anansie
18%
2000 The Chemical Brothers
18%
1997 The Prodigy
18%
1992 Van Morrison
18%
1982 Van Morrison
18%
1987 New Order
17%
2000 Travis
17%
1989 Elvis Costello
16%
1987 Elvis Costello
16%
1984 Elvis Costello
16%
2008 The Verve
16%
2005 Basement Jaxx
15%
2002 Rod Stewart
15%
1997 Ash
13%
1998 Primal Scream
13%
1993 The Kinks
13%
1990 James
12%
1994 Peter Gabriel
12%
1979 Peter Gabriel
12%
2005 The White Stripes
12%
2003 Moby
10%
1986 Psychedelic Furs
10%
1981 Hawkwind
9%
1983 Melanie
9%
1994 Paul Weller
9%
1989 Suzanne Vega
9%
1979 Alex Harvey Band
8%
1993 Black Crowes
8%
1989 Fela Kuti
8%
1984 Fela Kuti
8%
1990 Happy Mondays
8%
1985 Ian Dury
8%
1987 Taj Mahal
8%
1981 Taj Mahal
8%
1979 Tim Blake
8%
1994 The Levellers
7%
1992 The Levellers
7%
1983 King Sunny Ade
6%
1983 UB40
6%
1981 Ginger Baker's Nuts
5%
1993 Lenny Kravitz
5%
1982 Richie Havens
5%
1986 Gil Scott-Heron
4%
1982 Jackson Browne
3%
1992 Lou Reed
3%
1984 Dr John
2%
1985 Hugh Masekela
2%
1985 Joe Cocker
2%
No matching quizzes found
Score Distribution
Percent of People with Each Score
Percentile by Number Answered
Your Score History
You have not taken this quiz